| 000 | 01437nam a2200301 4500 | ||
|---|---|---|---|
| 003 | EC-UNACH | ||
| 005 | 20251031125751.0 | ||
| 006 | s||||gr|||| 00| 00 | ||
| 008 | 150116t9999 mx r gr 000 0 spa d | ||
| 020 | _a978-607-401-294-1 | ||
| 040 |
_aEC-UNACH _cEC-UNACH |
||
| 041 | _aspa | ||
| 082 | 0 | 4 |
_223 _a657.839 _bL017924 |
| 110 | _aMiguel Ángel Porrúa Librero -editor | ||
| 245 | _aLa problemática de la Ética en los negocios | ||
| 250 | _aPrimera edición | ||
| 264 |
_aMexico _bMiguel Ángel Porrúa Librero -editor _c2010 |
||
| 300 | _a232 | ||
| 505 | _aEl fundamento ético de las organizaciones, La concepción de comunidad en el pensamiento de Aristóteles - - Deseo y empresa - - Globalización y vida buena - - Notas sobre la concepción de la empresa en la sociedad contemporánea - - El capitalismo. Breve reflexión histórica - - Enajenación y dominio: La influencia de la estructura capitalista sobre el comportamiento moral - - Sobre el consumismo - - Valores actitudes y comportamientos globales antagónicos - - La mercantilización de la vida - - La ética en un mundo globalizado. | ||
| 650 | _aEL REFERENTE ÉTICO DE LA COMUNIDAD | ||
| 650 | _aETICA O CRITICA DEL CONSUMO | ||
| 650 | _aPROYECTO NEOLIBERAL | ||
| 700 | _aClaudia Liliana Padrón Martínez | ||
| 942 |
_2ddc _c1 |
||
| 999 | _c14135 | ||